000 00435nam a2200169Ia 4500
008 230718s9999 xx 000 0 und d
041 _aeng
082 _a621.313
_bBAK
100 _aBakshi U.A.
245 _aElectrical Circuits And Machines
250 _a5th Revised ed.
260 _c2009
_bTechnical
300 _a654
365 _cRs.
_b395.00
700 _aBakshi U.A. & Bakshi V.U.
906 _dB:203111-Jan-2009
_cSS
_b671.5
999 _c320650
_d320650